Statistics for Canadian Literature

Click here to take the quiz!

General Stats

  • This quiz has been taken 41 times
  • The average score is 8 of 18

Answer Stats

% Correct
A red-headed heroine who lived at Green Gables.Anne
93%
The author of The Handmaid’s Tale.Margaret Atwood
90%
Yann Martel's famous book about an Indian boy and a tiger who are shipwrecked.The Life of Pi
85%
A Jewish Canadian novelist, poet, and songwriter who is best known for his song Hallelujah.Leonard Cohen
75%
The province where Green Gables is located.Prince Edward Island
75%
What language was Jacques Poulin' s Volkswagen Blues first written it?French
65%
Joy Kogawa's famous book Obasan is about racism during WWII. Which ethnic group is this novel about?Japanese
63%
John McCrae's famous war poem associated with the poppy.In Flanders Fields
60%
The author of The English Patient which inspired the film with the same name.Michael Ondaatje
43%
A Canadian writer and environmentalist who wrote Lost in the Barrens and Never Cry Wolf.Farley Mowat
40%
The humourist who wrote Sunshine Sketches of a Little Town.Stephen Leacock
38%
A Canadian artist and writer inspired by the Indigenous peoples of the Pacific Northwest Coast.Emily Carr
30%
The Canadian poet and singer who wrote and performed the Canadian Railroad Trilogy.Gordon Lightfoot
30%
Robert Munsch's picture book about the evolving relationship between a boy and his mother.Love You Forever
23%
The author of Roughing it in the Bush, whose writing also inspired poetry by Margaret Atwood.Susanna Moodie
15%
W.O Mitchell's popular high school novel about a boy growing up in a small prairie town.Who Has Seen the Wind
15%
A blind children's author who wrote the "Dear Canada" series.Jean Little
8%
This artist and author or the Pacific Northwest was also famous for her pet named Woo. What animal was it?monkey
3%

Score Distribution

Percentile by Number Answered

Percent of People with Each Score

Your Score History

You have not taken this quiz